000 00326nam a2200133Ia 4500
005 20251222141848.0
008 251222s9999||||xx |||||||||||||| ||spa||
020 _a84-300-1986-3
082 _a245.43/R73
100 _aRodilla Zanón, Antonio
245 0 _aCartas a mi Hermana
264 _bArtes Gráficas Soler
942 _cLIB
999 _c7630
_d7630